[Event "Remote Pyramide email"]
[Site "Remote email"]
[Date "2014.01.07"]
[Round "?"]
[White "Peschen, Rainer"]
[Black "Vanheiden, Guenter"]
[Result "0-1"]
[WhiteElo "1612"]
[BlackElo "2193"]
[PlyCount "40"]
[EventDate "2014.??.??"]
[EventType "tourn (corr)"]
[EventRounds "6"]
[EventCountry "GER"]
[SourceTitle "Corr 2015"]
[Source "ChessBase"]
[SourceDate "2015.07.17"]
[SourceVersion "1"]
[SourceVersionDate "2015.07.17"]
[SourceQuality "1"]

1. d4 Nf6 2. f3 d5 3. e4 dxe4 4. Nc3 exf3 5. Nxf3 e6 6. Bg5 Be7 7. Bd3 Nc6 8. a3 a6 9. Qd2 h6 10. Be3 Ng4 11. Bf4 Nf6 12. 0-0-0 b5 13. Rhe1 b4 14. axb4 Nxb4 15. Bc4 Bb7 16. Bb3 Nbd5 17. Nxd5 Nxd5 18. Be5 0-0 19. Qf2 h5 20. Qg3 f6 0-1

[Event "Remote Pyramide email"]
[Site "Remote email"]
[Date "2013.12.20"]
[Round "?"]
[White "Vanheiden, Guenter"]
[Black "Wiedmann, Jochen"]
[Result "1-0"]
[WhiteElo "2193"]
[BlackElo "2076"]
[PlyCount "51"]
[EventDate "2013.??.??"]
[EventType "tourn (corr)"]
[EventRounds "6"]
[EventCountry "GER"]
[SourceTitle "Corr 2015"]
[Source "ChessBase"]
[SourceDate "2015.07.17"]
[SourceVersion "1"]
[SourceVersionDate "2015.07.17"]
[SourceQuality "1"]

1. d4 Nf6 2. c4 e6 3. Nc3 c5 4. d5 d6 5. e4 e5 6. f4 exf4 7. Bxf4 h6 8. h3 Be7 9. Nf3 Nh5 10. Bh2 0-0 11. Bd3 Re8 12. 0-0 Nd7 13. Nb5 Qb6 14. a4 a5 15. Bc2 Bf8 16. Nh4 g6 17. Rxf7 Kxf7 18. Nxg6 Nhf6 19. Nxf8 Rxf8 20. Bxd6 Re8 21. Qd3 Re5 22. Bc7 Qa6 23. Rf1 Kg7 24. Bxe5 Nxe5 25. Qg3+ Ng6 26. Nd6 1-0

[Event "Remote-ch 2012 email"]
[Site "Remote email"]
[Date "2013.12.07"]
[Round "2"]
[White "Schulz, Rene"]
[Black "Vanheiden, Guenter"]
[Result "1/2-1/2"]
[WhiteElo "2315"]
[BlackElo "2163"]
[PlyCount "75"]
[EventDate "2013.??.??"]
[EventType "tourn (corr)"]
[EventRounds "6"]
[EventCountry "GER"]
[SourceTitle "Corr 2015"]
[Source "ChessBase"]
[SourceDate "2015.07.17"]
[SourceVersion "1"]
[SourceVersionDate "2015.07.17"]
[SourceQuality "1"]

1. e4 e6 2. d4 d5 3. exd5 exd5 4. Nf3 c6 5. Bd3 Bd6 6. 0-0 Ne7 7. c4 dxc4 8. Bxc4 0-0 9. h3 Nd7 10. Nc3 Nb6 11. Bb3 Ned5 12. Re1 Re8 13. Bg5 Rxe1+ 14. Qxe1 Qf8 15. a4 Be6 16. a5 Nd7 17. Nxd5 cxd5 18. Ne5 Re8 19. Bd2 Nb8 20. Rc1 Rc8 21. Ba4 Rxc1 22. Qxc1 Qc8 23. Qxc8+ Bxc8 24. Bc3 Na6 25. Kf1 Nb4 26. Bb3 Be6 27. f4 f6 28. Ng4 h5 29. Bxb4 Bxb4 30. Ne3 Bxa5 31. Bxd5 Bxd5 32. Nxd5 Bd2 33. Ke2 Bc1 34. b4 f5 35. Ne7+ Kf7 36. Nxf5 Bxf4 37. Kf3 Bg5 38. b5 1/2-1/2

[Event "Remote Pyramide email"]
[Site "Remote email"]
[Date "2013.06.16"]
[Round "?"]
[White "Neumann, Andreas"]
[Black "Vanheiden, Guenter"]
[Result "1/2-1/2"]
[WhiteElo "2130"]
[BlackElo "2163"]
[PlyCount "122"]
[EventDate "2013.??.??"]
[EventType "tourn (corr)"]
[EventRounds "6"]
[EventCountry "GER"]
[SourceTitle "Corr 2015"]
[Source "ChessBase"]
[SourceDate "2015.07.17"]
[SourceVersion "1"]
[SourceVersionDate "2015.07.17"]
[SourceQuality "1"]

1. e4 c5 2. Nf3 d6 3. d4 cxd4 4. Nxd4 Nf6 5. Nc3 a6 6. Be3 e5 7. Nb3 Be6 8. f3 Be7 9. Qd2 0-0 10. 0-0-0 Qc7 11. g4 Rc8 12. g5 Nh5 13. Kb1 Nd7 14. Nd5 Bxd5 15. exd5 a5 16. a3 Nb6 17. Rg1 g6 18. Rg4 a4 19. Nc1 Ra5 20. c4 Nd7 21. Nd3 Raa8 22. Bh3 Ng7 23. Bf2 Rf8 24. Rgg1 Nb6 25. Nxe5 dxe5 26. d6 Bxd6 27. Bxb6 Qxb6 28. Qxd6 Qe3 29. Bd7 e4 30. fxe4 Qxe4+ 31. Qd3 Qe5 32. h4 Rfd8 33. Rgf1 Nf5 34. h5 Qe3 35. hxg6 hxg6 36. Rh1 Ra5 37. Qf1 Ng7 38. Qg2 Rxg5 39. Qxb7 Qe7 40. Ka2 Ne6 41. Rhe1 Kg7 42. Qc6 Nd4 43. Qxg6+ Kxg6 44. Rxe7 Kf6 45. Re4 Rxd7 46. Rexd4 Rxd4 47. Rxd4 Rc5 48. Rf4+ Ke5 49. Rxf7 Rxc4 50. Rb7 Rc5 51. Kb1 Kd5 52. Rb4 Ra5 53. Kc2 Ra7 54. Kc3 Kc5 55. Rg4 Kb5 56. Rg5+ Ka6 57. Kb4 Rb7+ 58. Kxa4 Rxb2 59. Rg6+ Kb7 60. Ka5 Rc2 61. Rg7+ Rc7 1/2-1/2

[Event "Remote email"]
[Site "Remote email"]
[Date "2013.04.28"]
[Round "?"]
[White "Vanheiden, Guenter"]
[Black "Boehme, Sebastian"]
[Result "0-1"]
[WhiteElo "2193"]
[BlackElo "2512"]
[PlyCount "148"]
[EventDate "2013.??.??"]
[EventType "tourn (corr)"]
[EventRounds "6"]
[EventCountry "GER"]
[SourceTitle "Corr 2015"]
[Source "ChessBase"]
[SourceDate "2015.07.17"]
[SourceVersion "1"]
[SourceVersionDate "2015.07.17"]
[SourceQuality "1"]

1. e4 c5 2. Nf3 d6 3. d4 cxd4 4. Nxd4 Nf6 5. Nc3 a6 6. Bg5 e6 7. f4 Qb6 8. Nb3 Be7 9. Qf3 Nbd7 10. Be2 Qc7 11. a4 h6 12. Bh4 b6 13. 0-0 Bb7 14. f5 exf5 15. Qxf5 0-0 16. Rad1 Ne5 17. Bf2 Rfe8 18. Bg3 Nc4 19. Bxc4 Qxc4 20. Rd4 Qc7 21. Qf3 Rac8 22. Qd3 Nd7 23. Bxd6 Bxd6 24. Rxd6 Ne5 25. Qd4 Bc6 26. Nd2 f6 27. Nc4 Nf7 28. Rxc6 Qxc6 29. Nxb6 Rb8 30. a5 Kh8 31. h4 Ne5 32. Rf5 Rbd8 33. Nbd5 Rc8 34. Rf1 Qd6 35. Qb6 Nc4 36. Qxd6 Nxd6 37. Rf4 Nc4 38. b3 Nxa5 39. Kf2 Nb7 40. Ke3 Nd6 41. Kd4 Re5 42. Ne3 Rd8 43. Ncd5 Rde8 44. Nc3 g5 45. hxg5 hxg5 46. Rg4 Kg7 47. Kd3 Kh6 48. b4 Kh5 49. Ne2 Rd8 50. Ng3+ Kg6 51. Ke2 Rb8 52. c3 a5 53. bxa5 Rxa5 54. Ngf5 Nf7 55. Nd4 Ra2+ 56. Nec2 Rbb2 57. Kd2 Ne5 58. Rg3 Nc6 59. Kd3 Nxd4 60. Nxd4 Rxg2 61. Rxg2 Rxg2 62. c4 Rg3+ 63. Kd2 Kh5 64. c5 g4 65. c6 Ra3 66. c7 Ra8 67. Ke3 Rc8 68. Ne6 g3 69. Kf3 Kh4 70. Ng7 Rxc7 71. Nf5+ Kh3 72. Nxg3 Rc3+ 73. Kf4 Rxg3 74. e5 fxe5+ 0-1

[Event "Remote S7E Adv-132 email"]
[Site "Remote email"]
[Date "2013.04.27"]
[Round "?"]
[White "Vanheiden, Guenter"]
[Black "Vehlow, Burkhard"]
[Result "1/2-1/2"]
[WhiteElo "2132"]
[BlackElo "2279"]
[PlyCount "78"]
[EventDate "2013.??.??"]
[EventType "tourn (corr)"]
[EventRounds "6"]
[EventCountry "GER"]
[SourceTitle "Corr 2015"]
[Source "ChessBase"]
[SourceDate "2015.07.17"]
[SourceVersion "1"]
[SourceVersionDate "2015.07.17"]
[SourceQuality "1"]

1. Nf3 Nf6 2. c4 b6 3. g3 c5 4. Bg2 Bb7 5. 0-0 g6 6. Nc3 Bg7 7. d4 cxd4 8. Qxd4 Nc6 9. Qf4 Rc8 10. b3 d6 11. Bh3 Nd7 12. Bb2 0-0 13. Qe3 Rb8 14. Rab1 Nc5 15. Rfd1 Bc8 16. Bxc8 Qxc8 17. Nd5 Qe6 18. b4 Bxb2 19. Rxb2 Qxe3 20. fxe3 Na4 21. Rb3 Kg7 22. b5 Na5 23. Rb4 Nc5 24. Nxe7 Rfe8 25. Nd5 Rbc8 26. Rd3 Nxd3 27. exd3 Nb7 28. Kf2 Nc5 29. Ke2 Rb8 30. Rb1 Ne6 31. a4 Rb7 32. Ra1 Nc7 33. Nc3 Ra8 34. Nd4 a6 35. bxa6 Rxa6 36. e4 Rb8 37. Ke3 Re8 38. Rb1 h5 39. Rb4 Rea8 1/2-1/2

[Event "Remote email"]
[Site "Remote email"]
[Date "2013.04.26"]
[Round "?"]
[White "Raap, Christian"]
[Black "Vanheiden, Guenter"]
[Result "0-1"]
[WhiteElo "2338"]
[BlackElo "2163"]
[PlyCount "86"]
[EventDate "2013.??.??"]
[EventType "tourn (corr)"]
[EventRounds "6"]
[EventCountry "GER"]
[SourceTitle "Corr 2015"]
[Source "ChessBase"]
[SourceDate "2015.07.17"]
[SourceVersion "1"]
[SourceVersionDate "2015.07.17"]
[SourceQuality "1"]

1. d4 d5 2. c4 c6 3. Nf3 Nf6 4. Nc3 e6 5. e3 Nbd7 6. Bd3 dxc4 7. Bxc4 b5 8. Bd3 a6 9. e4 c5 10. d5 c4 11. Bc2 e5 12. 0-0 Bd6 13. Bd2 0-0 14. Qe2 h6 15. b4 Nh5 16. a4 Rb8 17. Rfb1 Ndf6 18. g3 Bg4 19. axb5 axb5 20. Nd1 Nxe4 21. Qxe4 f5 22. Qe3 f4 23. gxf4 exf4 24. Qc3 Bc7 25. h3 Bxh3 26. Ra7 Rc8 27. Qd4 Qd7 28. Nh2 Rf5 29. Be4 Qe8 30. Rxc7 Qg6+ 31. Kh1 Rxc7 32. Bf3 Ng3+ 33. fxg3 fxg3 34. Qe4 gxh2 35. Nf2 Re7 36. Qxe7 Rxf3 37. Nxh3 Qxb1+ 38. Kxh2 c3 39. Qe6+ Kh7 40. Bxc3 Qc2+ 41. Kh1 Rxc3 42. Ng1 Rg3 43. Ne2 Rf3 0-1

[Event "Remote email"]
[Site "Remote email"]
[Date "2012.12.15"]
[Round "2"]
[White "Coche, Wilhelm"]
[Black "Vanheiden, Guenter"]
[Result "1-0"]
[WhiteElo "2506"]
[BlackElo "2079"]
[PlyCount "115"]
[EventDate "2012.??.??"]
[EventType "tourn (corr)"]
[EventRounds "6"]
[EventCountry "GER"]
[SourceTitle "Corr 2015"]
[Source "ChessBase"]
[SourceDate "2015.07.17"]
[SourceVersion "1"]
[SourceVersionDate "2015.07.17"]
[SourceQuality "1"]

1. e4 e5 2. Nf3 Nc6 3. Bb5 Nf6 4. 0-0 Be7 5. Nc3 d6 6. d4 exd4 7. Nxd4 Bd7 8. Re1 0-0 9. Nxc6 bxc6 10. Be2 h6 11. Be3 Qb8 12. Rb1 a5 13. h3 Be6 14. f4 Qb7 15. Bd3 Rfe8 16. a3 c5 17. b3 Bf8 18. Bf2 Rad8 19. Qd2 c6 20. Na4 Qc7 21. Rbd1 Be7 22. Qe3 Qb7 23. Kh1 Qc7 24. c4 Bf8 25. Qg3 Qb8 26. Bc2 Be7 27. f5 Bc8 28. Be3 Nh5 29. Qf3 Nf6 30. Bf4 Qa7 31. Rd2 Rd7 32. e5 dxe5 33. Rxe5 Rdd8 34. Rde2 Bf8 35. Rxe8 Rxe8 36. Rxe8 Nxe8 37. Qe2 Bd7 38. Qe1 Nf6 39. Bd2 Qb8 40. Bxa5 Bd6 41. Bd2 Qd8 42. Be3 Qe8 43. Bf2 Qc8 44. g4 h5 45. Nb6 Qd8 46. Nxd7 Nxd7 47. Bh4 Nf6 48. g5 Nd7 49. a4 Bc7 50. Kg2 Kf8 51. g6 Nf6 52. Qe3 fxg6 53. fxg6 Qd6 54. Bf5 Ng8 55. Bg3 Qxg3+ 56. Qxg3 Bxg3 57. Kxg3 Ke7 58. a5 1-0